ბათუმის შოთა რუსთაველის სახელმწიფო უნივერსიტეტის ბიბლიოთეკა

მამაცი შევარდენი (ბიბ.ჩანაწერი № 42580)

000 -LEADER
fixed length control field 00841nam a2200229Ia 4500
001 - CONTROL NUMBER
control field 9281
003 - CONTROL NUMBER IDENTIFIER
control field GE_BSU
008 - FIXED-LENGTH DATA ELEMENTS--GENERAL INFORMATION
fixed length control field 181216s||||||||xx |||||||||||||| ||und||
040 ## - CATALOGING SOURCE
Transcribing agency GE_BSU
080 ## - UNIVERSAL DECIMAL CLASSIFICATION NUMBER
Universal Decimal Classification number 355.489(47+57)+94(47+57)''1941-1945"(479.22)
100 ## - MAIN ENTRY--PERSONAL NAME
Personal name შანშიაშვილი,დიმიტრი
245 ## - TITLE STATEMENT
Title მამაცი შევარდენი
245 ## - TITLE STATEMENT
Remainder of title საბჭ.კავშირის გმირი დავით ჯაბიძე
245 ## - TITLE STATEMENT
Statement of responsibility, etc. რედ:გ.ფანჯიკიძე;მხატვ:ა.მინდიაშვილი
260 ## - PUBLICATION, DISTRIBUTION, ETC.
Place of publication, distribution, etc. თბილისი.
260 ## - PUBLICATION, DISTRIBUTION, ETC.
Name of publisher, distributor, etc. საბჭ.საქართველო
260 ## - PUBLICATION, DISTRIBUTION, ETC.
Date of publication, distribution, etc. 1966
300 ## - PHYSICAL DESCRIPTION
Extent 23გვ;20სმ.
300 ## - PHYSICAL DESCRIPTION
Other physical details ილ.
653 ## - INDEX TERM--UNCONTROLLED
Uncontrolled term მამაცი შევარდენი
942 ## - ADDED ENTRY ELEMENTS (KOHA)
Koha item type წიგნი
ეგზემპლარები
Withdrawn status Lost status Damaged status Not for loan Date acquired Barcode Date last seen Price effective from Koha item type
        2018-12-17 32107 2018-12-17 2018-12-17 წიგნი